| 000 | 00622nam a2200205 i 4500 | ||
|---|---|---|---|
| 001 | 124552 | ||
| 003 | ES-MaACL | ||
| 007 | t| | ||
| 008 | 070329s1937 sp ||||1| spa d | ||
| 080 | _a33(022) | ||
| 100 | 1 |
_aEnglis, Karel. _947239 |
|
| 245 | 1 | 0 |
_aIntroducción a la Ciencia Financiera / _cKarel Englis ; traducción directa del checo por Milic Kybal. |
| 260 |
_aBarcelona : _bLabor, _c[1937] |
||
| 300 |
_a339 p. ; _c17 cm. |
||
| 490 | 1 |
_aColección Labor ; _v399, 400 |
|
| 700 | 1 |
_aKybal, Milic. _969098 |
|
| 830 | 0 | 0 |
_aColección Labor _v399, 400 _9184254 |
| 852 |
_aES-MaACL _jE-2866 |
||
| 999 |
_c124552 _d124552 |
||